| 000 | 00486nam a22001937a 4500 | ||
|---|---|---|---|
| 003 | OSt | ||
| 005 | 20220107122731.0 | ||
| 008 | 140226b xxu||||| |||| 00| 0 eng d | ||
| 020 | _a9789350236260 | ||
| 040 | _cIIITM-K | ||
| 082 | _a005.268 ROC/E | ||
| 100 |
_aRoche, Ron _93307 |
||
| 245 | _aEssential iOS build and release | ||
| 260 |
_aMumbai, _bO'Reilly, _c2012. |
||
| 300 | _axi, 100p. | ||
| 650 |
_aCOMPUTER SCIENCE _93308 |
||
| 650 |
_aOPERATING SYSTEM _93309 |
||
| 942 |
_2ddc _cBK |
||
| 999 |
_c3623 _d3623 |
||